000 00311nam a2200121Ia 4500
008 220204s9999 xx 000 0 und d
082 _a579(038)
_bSIN
100 _aSainsbury, Diana
245 0 _aDictionary of microbiology
260 _aChichester
_bJohn Wiley
_c1978
700 _aSingleton, Paul
942 _cBK
999 _c31403
_d31403